000 00858nam a22001937a 4500
005 20231222151204.0
010 _aHIN-126609
020 _a9789391189440
_c250.00
035 _aHN-98955
037 _bDBAD/PUB
082 _a
100 _aगोयल,शशि
_960197
245 _aछिटके हुए लोग/
_cशशि गोयल
260 _aउत्तर प्रदेश
_bवनिका पब्लिकेशन्स
_c2022
270 _aएन ए -168 गली न -6 विष्णु गार्डन
_b नई दिल्ली
_e110018
270 _aसरल कुटीर आर्य नगर नई बस्ती बिजनौर
_bउत्तर प्रदेश
_e246701
300 _a144 पृष्ठ;
_c21 सेमी(अजिल्द)
942 _cHN
_2ddc
_h
_mगोयल
999 _c199794
_d199794